Manual de preparación Matemática
Gorde:
| Egile Nagusiak: | , , |
|---|---|
| Beste egile batzuk: | |
| Formatua: | Liburua |
| Hizkuntza: | gaztelania |
| Argitaratua: |
Santiago
Ediciones Universidad Católica de Chile
2003
|
| Edizioa: | 1a. ed |
| Gaiak: | |
| Etiketak: |
Etiketa erantsi
Etiketarik gabe, Izan zaitez lehena erregistro honi etiketa jartzen!
|
MARC
| LEADER | 00000nam a2200000 a 4500 | ||
|---|---|---|---|
| 001 | UCH4338 | ||
| 003 | CL-VaPUC | ||
| 008 | 090818e20030000CL |||||||||||||||||spa|d | ||
| 020 | |a 9561407108 | ||
| 082 | 0 | 4 | |a 378.16 |b TAP |2 21 |
| 100 | 0 | |a Tapia Rojas, Oscar Alfredo |e author |9 539854 | |
| 700 | |a Ormazábal Díaz-Muñoz, Miguel Ramón |e autor |9 549283 | ||
| 700 | 0 | |a López González, David |e author |9 539856 | |
| 700 | 0 | |a Olivares Sepúlveda, Jorge |e author |9 539857 | |
| 245 | 1 | 0 | |a Manual de preparación Matemática |
| 250 | |a 1a. ed | ||
| 300 | |a 494 p | ||
| 942 | |c BK | ||
| 945 | |d 20090818 00:00:00 |a lazolas | ||
| 260 | |a Santiago |b Ediciones Universidad Católica de Chile |c 2003 | ||
| 650 | 0 | |a Matemáticas |v Problemas, ejercicios, etc |9 883048 | |
| 650 | 7 | |a PRUEBA DE SELECCION UNIVERSITARIA |2 CL-VaPUC |9 537094 | |
| 583 | |a last modification |c 20090818 00:00:00 |k Rodrigo Vera | ||
| 999 | |c 335663 |d 335661 | ||